000 00499nam a22001697a 4500
005 20251108165308.0
008 250721s1979 xx 000 0 ara d
082 1 4 _a956.51/يوس
100 1 _aغوانمه، يوسف درويش
245 1 0 _aعمان :
_bحاضرها /
264 1 _aعمان :
_bدار اللواء للصحافه و النشر،
_c1979.
300 _a256ص
650 1 7 _aتاريخ الأردن
650 1 7 _aالمدن العربية
942 _2ddc
_cBK
999 _c24375
_d24375